000 00628nam a22002057a 4500
005 20150519130447.0
010 _aENG-112675
020 _c90.00
_a8123764103
020 _a9788123764108
_c90.00
035 _aEN-96207
037 _bDBAD/PUB
082 _aN
100 _aGurdial Singh
245 0 0 _aA handful of sand /
_cby Gurdial Singh ; translated from Hindi by Ravi Nandan Sinha
_b
260 _aNew Delhi
_bNational Book Trust
_c2012
270 _aNehru Bhawan, 5 Institutional Area, Phase-ll Vasant Kunj
_bNew Delhi
_e110070
300 _aix,169p.
_c21cm(pbk)
490 _aAadan Pradan
942 _2ddc
_cEN
_mGUR
_hN
999 _c92911
_d92911